000 00877nas a2200289 4500
001 BR2015002703
003 BR-BrBNA
005 20231205125309.0
007 ta
008 230509b bl.|||p| |||| 00| 00por d
040 _aBR-BrBNA
_bpor
_cBiblioteca Nacional de Agricultura
041 _a(Pt)
072 _aH20; H01
100 1 _aCatarino, A. de M.
100 1 _aFajardo, T.V.M.
100 1 _aPio-Ribeiro, G.
100 1 _aEiras, M.
100 1 _aNickel, O.
245 1 _aIncidência de vírus em videiras no Nordeste brasileiro e caracterização molecular de isolados virais locais
650 _aUVA
650 _aVÍRUS
650 _aDOENÇA DE PLANTA
650 _aDEFESA VEGETAL
773 0 _tCiência Rural (Brazil)
_xISSN 0103-8478
_g(Mar 2015), v. 45(3) p. 379-385
_wBR2015002703
909 _a202311
_bLúcia
_c55
_dLúcia Elande
942 _2AGRIS
_n0
_cANA
999 _c243667
_d243667